|
|
|
|
| LEADER |
00000nam a22000004a 4500 |
| 001 |
AR-BbUGT4215 |
| 003 |
AR-BbUGT |
| 005 |
20181220001843.0 |
| 007 |
ta |
| 008 |
061101t2004 |||a |0|||0| d |
| 020 |
|
|
|a 950-656-076-5
|
| 040 |
|
|
|a AR-BbUGT
|b spa
|c AR-BbUGT
|
| 082 |
0 |
4 |
|a 551.69
|
| 100 |
1 |
|
|a Bruniard, Enrique D.
|
| 245 |
1 |
0 |
|a Clima, paisaje y geografía (El clima en la definición de los complejos naturales y la evaluación de sus recursos) /
|c Enrique D. Bruniard.
|
| 260 |
|
|
|a Resistencia, Chaco :
|b Universidad Nacional del Nordeste,
|c 2004.
|
| 300 |
|
|
|a 444 p. :
|b il.
|
| 504 |
|
|
|a Bibliografía: p. 425-444.
|
| 653 |
|
|
|a Clima
|
| 653 |
|
|
|a Vegetación
|
| 653 |
|
|
|a Suelos
|
| 653 |
|
|
|a Sistemas Naturales
|
| 653 |
|
|
|a Monografias
|
| 942 |
|
|
|c BK
|h 551.69
|i B836
|2 ddc
|6 551_690000000000000_B836
|
| 999 |
|
|
|c 11516
|d 11516
|